[Event "Lidums Checkmate Op"]
[Site "Adelaide"]
[Date "2007.07.08"]
[Round "5.8"]
[White "Obst, James"]
[Black "Jackson, Ralph E"]
[Result "1-0"]
[Annotator "Fritz 10"]
[BlackElo "1938"]
[EventCountry "AUS"]
[EventDate "2007.07.07"]
[EventRounds "7"]
[EventType "swiss"]
[PlyCount "98"]
[WhiteElo "2234"]

{ A21: English Opening: 1...e5 2 Nc3 } 1. c4 d6 2. Nc3 g6 3. g3 Bg7 4. Bg2 e5 5.
e3 Ne7 6. Nge2 O-O 7. O-O c5 $146 ( 7... Nd7 8. d4 exd4 9. exd4 Nf5 10. a4 a5
11. b3 Nb8 12. Bb2 Nc6 13. Nd5 Nfe7 14. Nef4 Nxd5 15. Nxd5 Ne7 16. Nxe7+ Qxe7
17. Re1 Qf6 18. Ra2 Qd8 19. Ba1 h5 20. h3 Re8 21. Rxe8+ Qxe8 22. Re2 { Zwaig,A 
( 2450 ) -Szmetan,J  ( 2435 ) /Amsterdam 1977/MCD/1/2-1/2  ( 90 )}  )( 7... f5
8. Rb1 ( 8. d4 Nd7 9. b3 Kh8 10. dxe5 dxe5 11. Ba3 Rf7 12. Qd2 c6 13. Rad1 Qe8
14. f4 e4 15. Na4 b6 16. Qd6 Nf6 17. Nd4 Neg8 18. Nc2 Be6 19. Qd2 Rd7 20. Qe2
Rad8 21. Bb2 h6 22. Nc3 Ne7 { Brueckner,T  ( 2400 ) -Conquest,S  ( 2395 )
/Germany 1987/GER-chT/0-1  ( 75 )}  )8... c6 9. b3 Be6 10. d4 Qc7 11. Ba3 Rd8
12. Rc1 Bf7 13. Qd2 Na6 14. Rfd1 Qa5 15. Nb1 Qxd2 16. Rxd2 e4 17. Bf1 Nc7 18.
Nbc3 a6 19. h4 b5 20. Nf4 Rab8 21. Nd1 h6 22. c5 { Kaposztas,M  ( 2309 )
-Berczes,C  ( 2309 ) /Budapest 2003/CBM 096 ext/0-1  ( 68 )}  )( 7... Nf5 8.
Rb1 a5 9. a3 c6 10. b4 axb4 11. axb4 Be6 12. d3 d5 13. cxd5 cxd5 14. Bb2 Qd7
15. b5 Rc8 16. e4 Ne7 17. d4 exd4 18. Nxd4 dxe4 19. Nxe4 Bd5 20. Qd2 Rc4 21.
Rfd1 Qc7 22. Qg5 { Heiberg,T  ( 2250 ) -Harestad,T  ( 2240 ) /Norway
1980/MCL/1-0  ( 31 )}  )( 7... h6 8. b4 $11 )8. d4 ( 8. d3 Nbc6 $14 )8... cxd4
9. exd4 Nbc6 10. dxe5 dxe5 11. Qxd8 Rxd8 12. Bg5 f6 ( 12... h6 13. Bxe7 Nxe7
14. Rad1 $11 )13. Be3 Nf5 ( 13... Bf5 14. Rfe1 $11 )14. Nd5 ( 14. Bd5+ $5 Kh8
15. Bc5 $14 )14... Nxe3 $15 15. fxe3 f5 16. Rad1 e4 ( 16... Bd7 $5 $15)17. Ne7+
$14 Kf7 18. Rxd8 Nxd8 19. Nxc8 Rxc8 20. Bxe4 Bxb2 { Opposite coloured bishops
appeared}  21. Bd5+ { A classical outpost}  21... Ke8 22. h3 Rc7 23. g4 fxg4
24. hxg4 { White has a new passed pawn: e3.}  24... Re7 25. e4 Be5 26. Nc1 Ne6
27. Nd3 { White threatens to win material: Nd3xe5}  27... Bd4+ 28. Kg2 Ng5 29.
Re1 Ne6 30. Rb1 b6 { Prevents intrusion on c5}  31. Rd1 Bg7 32. Nb4 Nd8 33. a4
Bc3 { Black threatens to win material: Bc3xb4}  34. Nc2 ( 34. Na6 h6 $14 )34...
Ne6 $11 35. Bxe6 Rxe6 36. Rd3 ( 36. Kf3 h6 $11 )36... Bb2 37. Rb3 { White
threatens to win material: Rb3xb2}  37... Bf6 38. Re3 ( 38. Kf3 Be7 $11 )38...
Ke7 ( 38... Bg5 $5 39. Re1 Rc6 $17 )39. Kf3 Bg5 { Black threatens to win
material: Bg5xe3}  40. Rd3 Rd6 ( 40... Rf6+ $5 41. Kg3 Rc6 $17 )41. Rd5 { White
threatens to win material: Rd5xg5}  41... Bc1 ( 41... Rf6+ 42. Kg3 Bf4+ 43. Kf3
Bc1+ 44. Ke2 $11 )42. e5 ( 42. Nd4 $142 Rf6+ 43. Kg3 Bf4+ 44. Kh3 $11 )42...
Rxd5 $4 { with this move Black loses his initiative}  ( 42... Rc6 $142 { the
rescuing straw}  43. Rd4 Rc5 $11 )43. cxd5 $18 a6 ( 43... Bb2 44. Ke4 Kd7 45.
e6+ Kc7 46. Nd4 $18 )44. Nb4 Ba3 ( 44... b5 45. a5 Bd2 46. Nc6+ Kf8 47. e6 $18
)45. Nxa6 Kd7 46. Ke4 Kc8 ( 46... h5 { is the last straw}  47. Nb8+ Kc7 48.
gxh5 gxh5 $18 )47. d6 Kb7 48. Nc7 ( 48. Kd5 { makes it even easier for White} 
48... Kxa6 49. e6 Bxd6 50. Kxd6 Ka5 $18 )48... Kc6 49. Nb5 Bb4  1-0

[Event "Lidums Checkmate Op"]
[Site "Adelaide"]
[Date "2007.07.08"]
[Round "5.9"]
[White "Srdic, Goran"]
[Black "Ayris, Tony"]
[Result "1-0"]
[Annotator "Fritz 10"]
[BlackElo "2094"]
[EventCountry "AUS"]
[EventDate "2007.07.07"]
[EventRounds "7"]
[EventType "swiss"]
[PlyCount "60"]
[WhiteElo "2006"]

{ E90: King's Indian: Classical: Early deviations and 6 h3 } 1. d4 Nf6 2. Nf3 g6
3. c4 Bg7 4. Nc3 O-O 5. Bg5 c5 6. d5 d6 7. e4 Bg4 ( 7... e5 8. Qd2 Na6 9. Be2
Qe8 10. O-O h5 11. Ne1 Nh7 12. Bh6 Bd7 13. Nd3 f5 14. Bxg7 Kxg7 15. exf5 gxf5
16. f4 e4 17. Ne1 Nf6 18. Nc2 Rg8 19. Ne3 Nc7 20. a3 a5 21. b3 Kg6 22. Qe1 {
Siegel,G  ( 2480 ) -Schebler,G  ( 2350 ) /Germany 1995/GER-chT/1-0  ( 39 )}  )(
7... Ne8 8. Qd2 f5 9. exf5 Bxf5 10. Qe3 Nf6 11. Bd3 Bxd3 12. Qxd3 Nbd7 13. O-O
Nb6 14. Rab1 Re8 15. Rfe1 Rc8 16. b3 Qd7 17. Re6 Na8 18. Rbe1 Nc7 19. R6e3 e5
20. dxe6 Nxe6 21. Bxf6 Bxf6 22. Qd5 { Jelicic,A-Scott,G/Swansea 2006/CBM 113
ext/0-1  ( 39 )}  )8. Qd2 $146 ( 8. Be2 Bxf3 ( 8... Nbd7 9. h3 Bxf3 10. gxf3
Rb8 11. Qd2 Re8 12. h4 h5 13. Bh6 a6 14. Bxg7 Kxg7 15. Rg1 Nf8 16. Qg5 e6 17.
dxe6 Nxe6 18. Qg3 Nd4 19. O-O-O b5 20. cxb5 axb5 21. Rxd4 cxd4 22. Nxb5 Qb6 23.
Qxd6 { Wolrich,C-Krasilnikov,A/Bratislava 1993/TD/0-1  ( 40 )}  )( 8... a6 9.
O-O Nbd7 10. a4 Rb8 11. Nd2 Bxe2 12. Qxe2 Ne8 13. f4 Nc7 14. Bh4 Qe8 15. Qd3
Bd4+ 16. Kh1 e5 17. dxe6 fxe6 18. Rae1 Rf7 19. Ne2 e5 20. f5 b5 21. axb5 axb5
22. cxb5 Nxb5 23. Nc3 { Malich,B-Tringov,G/Kapfenberg 1970/EU-chT/1-0  ( 31 )} 
)9. Bxf3 Nbd7 10. Be2 a6 11. O-O Rb8 12. Qc2 Ne8 13. a4 Nc7 14. Ra3 Qe8 15. Kh1
e5 16. Bd3 Nf6 17. a5 b5 18. axb6 Rxb6 19. Na4 Rb7 20. Be2 Qd7 21. b3 Rfb8 22.
Bd2 Nfe8 { Goldstern,F  ( 2395 ) -Lurje,P  ( 2215 ) /Switzerland 1995/CBM 049
ext/0-1  ( 87 )}  )8... Re8 9. Be2 a6 { Black has a cramped position}  10. Bh6
Bh8 ( 10... Nbd7 11. O-O $14 )11. h3 $16 Bxf3 12. gxf3 e6 ( 12... Nbd7 13. h4
$16 )13. h4 exd5 14. cxd5 ( 14. Nxd5 Nc6 15. h5 Nxd5 16. hxg6 ( 16. Qxd5 $143
Bxb2 17. Rd1 Nd4 $15 )16... hxg6 17. cxd5 $16 ( 17. exd5 $143 Nd4 18. Be3 Nxe2
19. Qxe2 b5 $17 ))14... b5 15. h5 b4 { Black gains space}  ( 15... Nxh5 16.
O-O-O Nf6 17. Bf4 $14 )16. Nd1 ( 16. hxg6 fxg6 17. Nd1 a5 $16 )16... Nbd7 (
16... Nxh5 17. Ne3 $14 )17. Qf4 ( 17. hxg6 fxg6 18. Ne3 Ne5 $18 )17... Ne5 $16
18. Ne3 ( 18. Qg3 c4 $16 )18... c4 ( 18... Nxh5 19. Qh2 c4 20. Kf1 $14 ( 20.
Nxc4 $143 Nxc4 21. Bxc4 Bxb2 $17 ))19. Kf1 { White loses the right to castle} 
( 19. hxg6 fxg6 20. Bxc4 Nh5 21. Rxh5 gxh5 22. Qg3+ Ng6 $14 )19... Rc8 ( 19...
Nxh5 20. Qh2 Qf6 $14 )20. Kg2 ( 20. hxg6 fxg6 21. Bg5 c3 22. bxc3 Rxc3 $16
)20... a5 ( 20... Nxh5 $5 $142 { and Black could well hope to play on}  21.
Rxh5 gxh5 $15 )21. Qh2 Qd7 22. Qh4 Nd3 $2 ( 22... Nxh5 23. f4 Bf6 24. Qh2 $16
)23. Rab1 ( 23. Nxc4 $142 Rxc4 24. Bxd3 $18 )23... Qe7 $4 { solves nothing}  (
23... Nxh5 $142 24. Nxc4 Bf6 $16 )24. Bg5 ( 24. Bxd3 $142 { keeps an even
firmer grip}  24... cxd3 25. Bg5 Qe5 26. hxg6 fxg6 $18 )24... Ne5 25. Rh3 ( 25.
f4 h6 26. Bxh6 Neg4 27. Bxg4 Nxg4 28. Qxg4 Qxe4+ 29. Kg3 Rc7 30. hxg6 fxg6 $18
)25... c3 ( 25... Bg7 26. Rg3 Ned7 27. hxg6 fxg6 28. Nxc4 $18 )26. bxc3 bxc3 (
26... Rxc3 27. Rg3 Rxe3 28. fxe3 $18 ( 28. Bxe3 $143 Nxd5 29. Qxe7 Nxe3+ 30.
fxe3 Rxe7 $18 ))27. f4 ( 27. Rg3 { seems even better}  27... c2 28. Rc1 Qd8 $18
)27... Ned7 ( 27... h6 28. fxe5 hxg5 29. exf6 Bxf6 30. Qg4 Qxe4+ 31. Qxe4 Rxe4
32. hxg6 $18 )28. f3 c2 29. Rc1 Rc3 30. Ng4 Qd8  1-0

[Event "Lidums Checkmate Op"]
[Site "Adelaide"]
[Date "2007.07.08"]
[Round "5.10"]
[White "Sorokina, Anastasia"]
[Black "Stojic, Svetozar"]
[Result "1-0"]
[Annotator "Fritz 10"]
[BlackElo "1919"]
[EventCountry "AUS"]
[EventDate "2007.07.07"]
[EventRounds "7"]
[EventType "swiss"]
[PlyCount "52"]
[WhiteElo "2201"]

{ B29: Sicilian: 2 Nf3 Nf6  ( Nimzowitsch Variation ) } 1. e4 c5 2. Nf3 Nf6 3.
Nc3 d5 4. e5 Nfd7 5. Bb5 ( 5. Nxd5 Nxe5 6. Bb5+ ( 6. Nxe5 Qxd5 7. Bb5+ Nd7 8.
Nxd7 Bxd7 9. Bxd7+ Qxd7 10. d3 g6 11. Be3 Bg7 12. Rb1 O-O 13. O-O Qf5 14. Qd2
Rfd8 15. Qa5 b6 16. Qa6 Qd5 17. h3 h5 18. Rfd1 Be5 19. b4 cxb4 20. Rxb4 Bd6 {
Ovod,E  ( 2395 ) -Chistiakova,T  ( 2351 ) /Orel 2006/CBM 113 ext/1-0  ( 40 )} 
)6... Nec6 7. c4 e6 8. Ne3 Bd7 9. O-O Be7 10. b3 O-O 11. Bb2 a6 12. Bxc6 Nxc6
13. d4 cxd4 14. Nxd4 Qc7 15. Qe2 Rad8 16. Rfd1 f6 17. a3 Nxd4 18. Bxd4 Bc6 19.
Qg4 Qc8 { Firman,N  ( 2471 ) -Anastasian,A  ( 2574 ) /Warsaw 2005/CBM
108/1/2-1/2  ( 36 )}  )5... a6 $146 ( 5... e6 6. O-O a6 7. Bxd7+ Bxd7 8. d3 Nc6
9. Bf4 Be7 10. Re1 g5 11. Bc1 h6 12. Nd2 Qc7 13. f4 O-O-O 14. Nf3 g4 15. Nd2
Nd4 16. Ne2 Nf5 17. c3 Ne3 18. Qb3 c4 19. dxc4 dxc4 { 0-1
Visconti-Piazzini,L/Buenos Aires 1959/MCD}  )( 5... d4 6. Ne4 a6 7. Be2 Nc6 8.
e6 fxe6 9. Nfg5 Nf6 10. O-O g6 11. Nxc5 Qd5 12. Ngxe6 Bxe6 13. Nxe6 Qxe6 14. b3
O-O-O 15. Re1 Qd6 16. a4 Bh6 17. Bf3 Rhe8 18. Ba3 Qc7 19. g3 e5 20. b4 {
Boehm,H-Cinar,K/Solingen 2004/CBM 100 ext/0-1}  )6. Bxd7+ Nxd7 7. d4 e6 {
Controls d5}  8. a4 Qc7 9. O-O Be7 ( 9... cxd4 10. Qxd4 Bc5 11. Qg4 Nxe5 12.
Qxg7 Nxf3+ 13. gxf3 $11 )10. Be3 O-O { Black has a cramped position. Black's
piece can't move: c8}  11. Ne2 ( 11. a5 f6 12. exf6 Nxf6 $11 ( 12... gxf6 $143
13. Re1 $14 ))11... cxd4 12. Bxd4 { A valuable piece}  12... b6 { Covers c5} 
13. Nf4 Bb7 14. Re1 Rfc8 ( 14... Rac8 15. c3 $15 )15. c3 $11 { Controls b4} 
15... Nc5 16. Nd2 Bg5 17. Nh5 Ne4 $4 ( 17... Bh6 $142 { was much better}  18.
Be3 Bxe3 19. Rxe3 Kh8 $14 )18. Nxe4 $18 dxe4 19. Qg4 Bh6 ( 19... Qe7 20. Nf6+
$1 { Decoy: f6}  20... Bxf6 21. exf6 $18 )20. Be3 f5 21. exf6 Bxe3 22. Rxe3 (
22. Nxg7 $5 { might be the shorter path}  22... Qf7 23. Rxe3 Kh8 24. Qxe6 Rf8
25. Qxf7 Rxf7 $18 )22... g6 23. Rh3 ( 23. Ng3 Qe5 24. Nxe4 Bxe4 25. f7+ Kh8 26.
Rxe4 Qf5 $18 )23... Qf7 ( 23... Qe5 $142 24. f7+ $1 { finishing him off}  24...
Kxf7 $18 )24. Qg5 $4 { letting the wind out of his own sails}  ( 24. Qh4 $142 {
and White could have gained the advantage}  24... Rc5 25. Ng7 $18 )24... Rc5
$11 { Black threatens to win material: Rc5xg5}  25. Qg4 Rd8 ( 25... Rcc8 26. a5
bxa5 $16 )26. Kf1 ( 26. Ng7 $142 { is the best option White has}  26... Qxf6
27. Qxe6+ Qf7 28. Qxf7+ ( 28. Qxb6 $2 { is no good because of}  28... Rcd5 29.
Rf1 Kxg7 $19 ( 29... Qxg7 $6 30. Qe6+ Kh8 31. Re3 $19 ) )28... Kxf7 29. Rxh7
$16 )26... Rf5 $15 { Following moves unknown}   1-0

[Event "Lidums Checkmate Op"]
[Site "Adelaide"]
[Date "2007.07.08"]
[Round "5.11"]
[White "Zaric, Srboljub"]
[Black "Brown, Andrew"]
[Result "1/2-1/2"]
[Annotator "Fritz 10"]
[BlackElo "1915"]
[EventCountry "AUS"]
[EventDate "2007.07.07"]
[EventRounds "7"]
[EventType "swiss"]
[PlyCount "83"]
[WhiteElo "2144"]

{ B33: Sicilian: Pelikan and Sveshnikov Variations } 1. e4 c5 2. Nf3 Nc6 3. d4
cxd4 4. Nxd4 Nf6 5. Nc3 e5 6. Ndb5 d6 7. Nd5 Nxd5 8. exd5 Nb8 9. c4 Be7 10. Be2
O-O 11. O-O f5 12. f4 Bf6 13. Kh1 a6 14. Nc3 Nd7 15. Qc2 { White threatens to
win material: Qc2xf5}  15... Qe7 $146 ( 15... g6 16. g3 ( 16. Be3 exf4 17. Bxf4
Ne5 18. Rac1 Bd7 19. b4 Rc8 20. Qb3 Qe8 21. Rfe1 Kh8 22. Be3 g5 23. c5 Ng6 24.
c6 bxc6 25. Bxa6 Rb8 26. dxc6 Bxc6 27. Nd5 Ne5 28. a3 Qh5 29. Bg1 g4 30. Be2 f4
{ Bui Kim,L-Trofimova,O/Szeged 1994/TD/0-1  ( 34 )}  )16... Re8 17. Bd2 b6 18.
Rae1 Bg7 19. b3 Ra7 20. a4 Rc7 21. Bd1 Bb7 22. g4 e4 23. gxf5 gxf5 24. Be3 Nc5
25. Rg1 Nd3 26. Ref1 Qh4 27. Rg3 Kh8 28. Bxb6 Rf7 29. Be3 Rf6 30. Qg2 { Tal,M 
( 2615 ) -Tseshkovsky,V  ( 2560 ) /Riga 1979/IZT/1-0  ( 42 )}  )( 15... Kh8 16.
Be3 ( 16. b4 a5 17. bxa5 Nc5 18. Bd2 exf4 19. Bxf4 Be5 20. Bxe5 dxe5 21. Na4
Rxa5 22. Nxc5 Rxc5 23. Rab1 Qd6 24. Qa4 e4 25. Qa7 Rf6 26. Qa8 b6 27. Rb5 Rxb5
28. cxb5 Qc7 29. h3 g6 30. Rd1 Rd6 { Motuz,K  ( 2085 ) -Salai,L  ( 2070 )
/Bardejov 1981/MCD/1-0  ( 39 )}  )16... Qe7 17. Rae1 g5 18. fxe5 Nxe5 19. b4 a5
20. a3 axb4 21. axb4 f4 22. Bd4 Bg7 23. c5 g4 24. cxd6 Qh4 25. g3 Qh6 26. Rxf4
Rxf4 27. gxf4 g3 28. Bf1 Bf5 29. Qg2 Qxf4 30. Ne2 { Malinovsky,K  ( 2346 )
-Salama,O  ( 2174 ) /Olomouc 2006/CBM 113 ext/1-0  ( 40 )}  )16. Qxf5 exf4 17.
Qe6+ Qxe6 18. dxe6 { White has a new passed pawn: e6. Black has a new backward
pawn: d6}  18... Ne5 19. Nd5 f3 ( 19... Bxe6 20. Bxf4 Rac8 21. Nxf6+ Rxf6 22.
b3 $14 )20. Bxf3 ( 20. e7 $5 $142 fxe2 21. exf8=Q+ Kxf8 22. Re1 $14 )20... Bxe6
$11 21. Nxf6+ Rxf6 22. b3 { Secures c4}  22... Nxf3 23. gxf3 { Opposite
coloured bishops appeared}  23... Bh3 { Black threatens to win material:
Bh3xf1}  24. Bb2 { White threatens to win material: Bb2xf6}  24... Bxf1 25.
Bxf6 Be2 { Black threatens to win material: Be2xf3}  26. Be7 Bxf3+ 27. Kg1 d5
28. cxd5 Bxd5 29. Rd1 { White threatens to win material: Rd1xd5}  29... Bc6 (
29... Kf7 30. Bh4 Ke6 31. Re1+ Kf5 32. Rf1+ Ke5 33. Kf2 $17 )30. Rd8+ Rxd8 31.
Bxd8 { A bishop endgame occured}  31... Bd5 32. Kf2 Kf7 33. Ke3 Ke6 34. Kd4 Bc6
35. a4 Kf5 36. Ke3 Kg4 37. Kf2 Kf4 38. a5 g5 39. b4 h5 40. Bc7+ Ke4 41. Kg3 Ke3
42. h4  1/2-1/2

[Event "Lidums Checkmate Op"]
[Site "Adelaide"]
[Date "2007.07.08"]
[Round "5.12"]
[White "Nguyen, Giang"]
[Black "Hoile, Robert"]
[Result "1-0"]
[Annotator "Fritz 10"]
[BlackElo "1904"]
[EventCountry "AUS"]
[EventDate "2007.07.07"]
[EventRounds "7"]
[EventType "swiss"]
[PlyCount "69"]
[WhiteElo "2097"]

{ D05: Colle System with ...e6 } 1. d4 Nf6 2. Nf3 e6 3. e3 d5 4. b3 Bd6 5. Bb2
O-O 6. Bd3 ( 6. Nbd2 b6 7. Bd3 Bb7 8. c4 Ne4 9. Qc2 f5 10. a3 a5 11. O-O Nd7
12. cxd5 exd5 13. Ne5 Qe7 14. f4 Rac8 15. Nxe4 fxe4 16. Be2 c5 17. Qd2 cxd4 18.
exd4 Rc7 19. Rac1 Rxc1 20. Rxc1 Nf6 { Hodgson,J  ( 2640 ) -Thesing,M  ( 2438 )
/Germany 2001/CBM 082 ext/1/2-1/2}  )6... Nbd7 $146 ( 6... c5 7. Nbd2 Nc6 8. a3
Re8 9. Ne5 Qb6 10. O-O cxd4 11. Nxc6 bxc6 12. Bxd4 Qd8 13. Bb2 e5 14. e4 a5 15.
Qe2 Rb8 16. h3 Nd7 17. exd5 cxd5 18. Bb5 Re6 19. Rad1 Nc5 20. b4 axb4 21. axb4
{ Goletiani,R  ( 2334 ) -Gollub,D/Oklahoma 2004/CBM 102 ext/1-0  ( 40 )}  )7.
Nbd2 Re8 ( 7... b6 8. Ne5 $11 )8. Ne5 $14 Qe7 9. g4 ( 9. O-O b6 $14 )9... Nf8 (
9... Ne4 10. Bxe4 dxe4 11. Qe2 $11 )10. h4 Ba3 ( 10... a5 11. a4 Ne4 12. Bxe4
dxe4 13. g5 $14 )11. Bxa3 $16 Qxa3 12. h5 { White gets more space}  12... Qe7 (
12... N6d7 13. g5 $16 )13. g5 N6d7 14. g6 Nxe5 ( 14... fxg6 15. hxg6 h6 16. Nf7
$16 )15. dxe5 ( 15. gxh7+ $5 Nxh7 16. dxe5 $16 )15... fxg6 $16 16. hxg6 h6 17.
Qg4 a5 18. Ke2 ( 18. Kf1 Nd7 19. f4 Nc5 $14 )18... b6 19. Rag1 ( 19. Nf3 a4 $14
)19... Ba6 ( 19... Nd7 $142 20. Rh5 Qa3 $11 )20. c4 ( 20. Bxa6 $5 $142 { is an
interesting idea}  20... Rxa6 21. a4 $11 )20... dxc4 ( 20... Nd7 21. f4 Qb4 22.
Bb1 dxc4 23. bxc4 $19 )21. bxc4 ( 21. Bxc4 b5 22. Bd3 Nd7 $15 )21... Rad8 (
21... Nd7 22. Qd4 Nc5 23. Bc2 $17 )22. Ne4 ( 22. Qf4 Qd7 23. Qf7+ Qxf7 24.
gxf7+ Kxf7 $15 )22... Nd7 23. f4 Nc5 $4 { gives away a clear win}  ( 23... Qa3
24. Rd1 Bb7 $17 ( 24... Qxa2+ $6 25. Rd2 Qb3 26. Nf6+ Nxf6 27. exf6 gxf6 28.
Rxh6 Rxd3 29. Rh8+ Kg7 30. Rh7+ Kg8 31. Rxd3 Bxc4 32. Rh8+ Kg7 33. Rh7+ Kg8 34.
Rh8+ Kg7 35. Rh7+ Kg8 $11 ))24. Rxh6 $18 gxh6 ( 24... Rxd3 $4 { mating in 4} 
25. Rh8+ $3 { Mate attack}  25... Kxh8 26. Qh5+ Kg8 27. Qh7+ Kf8 28. Qh8# )(
24... Nxd3 $4 { is followed by mate in 4}  25. Rh8+ $3 { Mate attack}  25...
Kxh8 26. Qh5+ Kg8 27. Qh7+ Kf8 28. Qh8# )25. Nf6+ Kg7 26. Nh5+ ( 26. Rh1 $142 {
and White has triumphed}  26... Bxc4 27. Bxc4 ( 27. Nxe8+ { is not possible} 
27... Qxe8 28. Bxc4 Qxg6 29. Qxg6+ Kxg6 $15 )27... Rd2+ 28. Kf3 $18 )26... Kg8
$11 27. g7 Nxd3 28. Nf6+ Qxf6 $1 { Black is still in the lead}  29. exf6 Bxc4
30. Kf3 e5 31. f5 Bf7 $4 { forfeits the advantage}  ( 31... e4+ $142 32. Kg3
Ne5 $17 )32. Qh4 { White threatens to win material: Qh4xh6}  ( 32. Rh1 $142 h5
33. Qg5 $18 )32... h5 $4 { leads to further unpleasantness}  ( 32... e4+ 33.
Kg3 h5 $18 )33. Rg6 $18 e4+ ( 33... Bd5+ 34. Kg3 Nf4 $18 )34. Kg3 Bxg6 35. fxg6
( 35. fxg6 Ne5 36. Qxh5 Nxg6 37. Qxg6 Re7 38. fxe7 Rc8 39. Qf6 Kh7 40. Qf8 Rxf8
41. exf8=Q Kh6 42. g8=Q+ Kh5 43. Qg4# ) 1-0

[Event "Lidums Checkmate Op"]
[Site "Adelaide"]
[Date "2007.07.08"]
[Round "5.13"]
[White "Dragicevic, Domagoj"]
[Black "Slidziunas, John"]
[Result "1-0"]
[Annotator "Fritz 10"]
[BlackElo "1671"]
[EventCountry "AUS"]
[EventDate "2007.07.07"]
[EventRounds "7"]
[EventType "swiss"]
[PlyCount "113"]
[WhiteElo "2087"]

{ B25: Closed Sicilian: 3 g3, lines without early Be3 } 1. e4 c5 2. Nc3 Nc6 3.
g3 g6 4. Bg2 Bg7 5. d3 Nf6 6. Be3 d6 7. h3 O-O 8. Nge2 a6 9. O-O Bd7 10. Qd2
Rc8 11. Bh6 ( 11. f4 e6 12. Kh1 Ne7 13. Nd1 d5 14. Nc1 dxe4 15. dxe4 Bb5 16.
Re1 Qc7 17. Qf2 a5 18. Nc3 Ba6 19. Nb3 b6 20. Rad1 Rfd8 21. Rd2 Rxd2 22. Nxd2
Rd8 23. g4 Nc6 24. Nf3 Nd7 25. Nd1 Nd4 { Tischner,M-Degenhardt,N  ( 2139 )
/Dresden 2004/CBM 103 ext/0-1  ( 55 )}  )11... b5 12. Bxg7 Kxg7 13. f4 b4 $146
{ Black threatens to win material: b4xc3}  ( 13... Nd4 14. Nd1 Qb6 15. c3 Nxe2+
16. Qxe2 Bc6 17. Nf2 Qb7 18. h4 Nh5 19. Kh2 f5 20. Nh3 fxe4 21. Bxe4 Bxe4 22.
dxe4 e6 23. Rad1 Qc6 24. e5 Nxg3 25. Kxg3 d5 26. Kh2 Rf5 27. Rg1 Rcf8 28. Rg5 {
Cibulka,V-Merten,M/Stary Smokovec 1967/MCD/1-0  ( 34 )}  )14. Nd1 Nd4 $2 (
14... Qa5 $5 $14 $142 { is a viable option} )15. Nxd4 $18 cxd4 16. Qxb4 Rxc2
17. Qxd4 Kg8 18. Ne3 Rc8 19. Rfe1 Bb5 20. a4 Bd7 21. Kh2 Qa5 $2 ( 21... h6 22.
b4 $18 )22. b4 ( 22. e5 $5 { seems even better}  22... Ne8 23. Nd5 Qc5 $18
)22... Qc7 ( 22... Qh5 $18 $142)23. e5 dxe5 24. fxe5 Nh5 25. Nd5 Qd8 26. Qb6 (
26. Rec1 { and White can already relax}  26... Re8 27. Rc4 Be6 $18 )26... Qxb6
( 26... Rc2 27. Qxa6 Be6 28. Ne3 $18 )27. Nxb6 Rcd8 ( 27... Rc7 { doesn't
improve anything}  28. Rac1 Ra7 29. d4 $18 )28. d4 Ng7 29. Red1 ( 29. d5 {
makes it even easier for White}  29... e6 $18 )29... e6 ( 29... Nf5 30. Be4 $18
( 30. Nxd7 $6 Rxd7 31. b5 axb5 32. axb5 Rb8 $18 ))30. Bb7 Nf5 31. Rac1 ( 31.
Bxa6 $5 { keeps an even firmer grip}  31... Bc6 32. b5 Be4 $18 )31... f6 (
31... Be8 32. Bxa6 Nxd4 $18 )32. Rc3 ( 32. g4 $142 { and White has it in the
bag}  32... Bxa4 33. Nxa4 ( 33. gxf5 $6 Bxd1 34. fxe6 Rxd4 $18 )33... Nxd4 34.
exf6 Rxf6 35. Bxa6 $18 )32... Be8 $16 33. Rc8 Rxc8 ( 33... Bxa4 $5 $142 34.
Rxd8 Bxd1 35. Rxf8+ Kxf8 36. Nd7+ Ke7 37. Nxf6 Nxd4 38. Nxh7 Be2 $16 )34. Bxc8
$18 ( 34. Nxc8 $6 Bxa4 35. Rd2 Rd8 36. exf6 Nxd4 $11 )34... fxe5 35. Bxe6+ Kg7
36. dxe5 ( 36. Bxf5 $142 Rxf5 37. d5 Rf2+ 38. Kg1 Rb2 $18 )36... Bc6 $2 ( 36...
Ne3 37. Rc1 Rf2+ 38. Kg1 Rg2+ 39. Kh1 $18 )37. Rc1 ( 37. Rd3 $142 { and White
wins}  37... Rb8 38. a5 $18 )37... Nd4 38. Bd5 Bxd5 39. Nxd5 Rf2+ 40. Kg1 Ra2 (
40... Rd2 $5 41. Rc7+ Kf8 $16 )41. Rc7+ Kh6 42. Nf6 ( 42. Kf1 Nf5 43. Rc3 Rxa4
$18 )42... Nf3+ ( 42... Kg5 $5 43. Nxh7+ Kf5 $16 )43. Kf1 Nh2+ 44. Ke1 Nf3+ 45.
Kd1 Nxe5 46. h4 g5 47. h5 g4 48. Rxh7+ ( 48. Rc5 $5 { might be the shorter
path}  48... Rf2 49. Ne4 Ra2 50. Rxe5 Rxa4 $18 )48... Kg5 49. Ne4+ Kf5 50. Nc3
Rg2 51. Ne2 Ke4 ( 51... Rh2 52. a5 $18 )52. Rh8 ( 52. Rh6 $142 { seems even
better}  52... Nc4 53. Rxa6 Ne3+ 54. Kd2 Nc4+ 55. Ke1 $18 )52... Nf3 $4 { the
final mistake, not that it matters anymore}  ( 52... Rh2 $18 $142)53. h6 ( 53.
b5 $5 { and White can already relax}  53... axb5 54. Re8+ Ne5 55. axb5 Rf2 $18
)53... Rh2 54. h7 Kd3 ( 54... Ne5 { does not help much}  55. b5 axb5 56. axb5
Rh1+ 57. Kc2 $18 )55. Rd8+ Ke3 ( 55... Kc4 { hoping against hope}  56. h8=Q
Rxh8 57. Rxh8 Kxb4 $18 )56. h8=Q Rxe2 57. Re8+ ( 57. Re8+ Ne5 58. Qxe5+ Kd3 59.
Qxe2+ Kc3 60. Qc2+ Kxb4 61. Rb8+ Ka5 62. Qd2+ Kxa4 63. Qa2# ) 1-0